Z-1 32 DİŞ (Record no. 588713)

MARC details
000 -LEADER
sabit uzunluktaki kontrol alanı 00263nam a2200109Ia 4500
001 - KONTROL NUMARASI
kontrol alanı 588713
005 - EN SON İŞLEMİN TARİH VE ZAMANI
kontrol alanı 20250717120836.0
008 - SABİT-UZUNLUKTA VERİ ÖĞELERİ--GENEL BİLGİ
sabit uzunluktaki kontrol alanı 250717s9999 xx 000 0 und d
245 #0 - ESER / YAZAR
ESER ADI Z-1 32 DİŞ
Yazar Adı İSMAİL BİLGİN
260 ## - YAYIN, DAĞITIM, VB.
YAYIN EVİ ERDEM YAYINLARI
Yayın, dağıtım tarihi, vb. 2020
300 ## - FİZİKSEL AÇIKLAMA
Diğer fiziksel ayrıntılar 78

No items available.